|
|
|
|
| LEADER |
00829nam a2200181 i 4500 |
| 001 |
misc45861 |
| 005 |
20200717142936.0 |
| 008 |
190227s1816 hu o 0|| hun d |
| 040 |
|
|
|a SZTE Miscellanea Repozitórium
|b hun
|
| 041 |
|
|
|a hun
|
| 100 |
1 |
|
|a Ugróczy Ferenc
|
| 245 |
1 |
0 |
|a Zentai ütközet
|h [elektronikus dokumentum] /
|c Ugróczy Ferenc
|
| 260 |
|
|
|a Grünn Orbán
|b [Szeged] Szegeden
|c 1816
|
| 300 |
|
|
|a 63 p., 1 t.
|c 8o
|
| 561 |
|
|
|a Muzeális dokumentumok
|
| 591 |
|
|
|a A' M. N. Muzeum Könyvtárából (pecsét), Másodlat a M. N. Muzeum Széch. Orsz. Könyvtárból (pecsét), A M. K. Állami Elemi és Polgári Tanítónő-képezde Budapesten (pecsét)
|
| 695 |
|
|
|a Magyarország története - 17. sz., Hadtörténet - Magyarország - 17. sz.
|
| 856 |
4 |
0 |
|u http://misc.bibl.u-szeged.hu/45861/1/ra_8849_zentai.pdf
|z Dokumentum-elérés
|